[Event "Irish New Year-GM 2022"]
[Site "Dublin"]
[Date "2022.01.04"]
[Round "4.2"]
[White "Fitzsimons, David"]
[Black "Gonzalez Garcia, Jose"]
[Result "1/2-1/2"]
[WhiteElo "2337"]
[BlackElo "2483"]
[Annotator "TA"]
[PlyCount "61"]
[EventDate "2022.01.02"]
[EventType "tourn"]
[EventCountry "IRL"]
[SourceTitle "playchess.com"]
[Source "ChessBase"]
[SourceQuality "1"]

{[%evp 10,61,0,0,5,0,0,0,0,15,30,-8,-7,-14,0,-29,-22,-36,-29,-38,-7,0,0,0,-5,-6,-5,-12,-13,-20,0,0,0,0,0,0,0,0,0,0,0,0,32,33,45,48,61,55,55,45,45,11,12,13]} 1. e4 c5 2. Nf3 e6 3. Nc3 Nc6 4. Bb5 Nd4 5. O-O a6 6. Bd3 Nc6 {B30: Sicilian: 2...Nc6 3 Bb5, lines without ...g6.} 7. b3 {7.e5 injects fresh life into this line.} d6 {[%cal Bd7d6,Bd6e5][%mdl 32]} 8. Bb2 Nf6 9. Re1 Nd7 10. Bf1 Nde5 11. Nxe5 dxe5 12. Ne2 Be7 13. c3 O-O {[#]} 14. a3 $146 ({Predecessor:} 14. d4 cxd4 15. cxd4 Bb4 16. dxe5 Qa5 17. a3 Bxe1 18. b4 Bxf2+ 19. Kxf2 Qb6+ 20. Kf3 {0-1 (30) Daggupati,B (2429)-Yoo,C (2466) chess24.com INT 2021}) 14... Bd7 15. d4 exd4 16. cxd4 cxd4 17. Nxd4 Bf6 18. Nxc6 Bxc6 19. Qxd8 Rfxd8 20. Bxf6 gxf6 21. f3 Rd2 22. Red1 Rb2 23. Rab1 Rxb1 24. Rxb1 $11 {[%mdl 4096] Endgame KRB-KRB} Rd8 25. Rc1 a5 26. b4 axb4 27. axb4 {[%cal Ba3b4,Bb4b5][%mdl 32]} Ba4 28. b5 $1 Rd1 29. Rxd1 Bxd1 30. Kf2 (30. b6 $5 {[%cal Rf1a6]}) 30... b6 31. Ke3 {Weighted Error Value: White=0.07 (flawless) /Black=0.05 (flawless)} 1/2-1/2

[Event "Irish New Year-GM 2022"]
[Site "Dublin"]
[Date "2022.01.04"]
[Round "4.3"]
[White "Collins, Sam E."]
[Black "Murphy, Conor E"]
[Result "1/2-1/2"]
[WhiteElo "2456"]
[BlackElo "2431"]
[Annotator "ChessBase"]
[PlyCount "82"]
[EventDate "2022.01.02"]
[EventType "tourn"]
[EventCountry "IRL"]
[SourceTitle "playchess.com"]
[Source "ChessBase"]
[SourceQuality "1"]
[TimeControl "5400+30"]

1. e4 {[%emt 0:00:03]} e5 {[%emt 0:01:49]} 2. Nf3 {[%emt 0:00:35]} Nc6 {[%emt 0:00:09]} 3. Bb5 {[%emt 0:00:16]} Nf6 {[%emt 0:00:28]} 4. d3 {[%emt 0:00:43]} Bc5 {[%emt 0:00:42]} 5. Bxc6 {[%emt 0:00:20]} dxc6 {[%emt 0:00:08]} 6. O-O {[%emt 0:00:26]} Qe7 {[%emt 0:02:02]} 7. Nbd2 {[%emt 0:01:04]} Bg4 {[%emt 0:01:39]} 8. h3 {[%emt 0:00:49]} Bh5 {[%emt 0:00:08]} 9. a3 {[%emt 0:00:49]} Nd7 {[%emt 0:02:34]} 10. b4 {[%emt 0:03:11]} Bd4 {[%emt 0:04:58]} 11. Rb1 {[%emt 0:00:42]} f6 {[%emt 0:00:31]} 12. Qe1 {[%emt 0:12:30]} Bb6 {[%emt 0:10:33]} 13. Qe2 {[%emt 0:26:19]} Nf8 {[%emt 0:08:10]} 14. Nc4 {[%emt 0:04:28]} Ne6 {[%emt 0:00:54]} 15. Be3 {[%emt 0:00:27]} O-O {[%emt 0:13:30]} 16. a4 {[%emt 0:03:56]} Kh8 {[%emt 0:04:59]} 17. a5 {[%emt 0:02:22]} Nd4 {[%emt 0:05:41]} 18. Bxd4 {[%emt 0:01:44]} Bxd4 {[%emt 0:00:06]} 19. Ne3 {[%emt 0:02:44]} Bxe3 {[%emt 0:04:39]} 20. Qxe3 {[%emt 0:05:31]} b6 {[%emt 0:00:23]} 21. Nh4 {[%emt 0:01:59]} Qe6 {[%emt 0:02:29]} 22. Nf5 {[%emt 0:03:37]} Bg6 {[%emt 0:01:16]} 23. Ng3 {[%emt 0:00:32]} Qa2 {[%emt 0:03:46]} 24. Qd2 {[%emt 0:00:45]} Rfd8 {[%emt 0:02:12]} 25. Qc3 {[%emt 0:03:40]} Qe6 {[%emt 0:00:47]} 26. f4 {[%emt 0:02:18]} exf4 {[%emt 0:01:37]} 27. Ne2 {[%emt 0:00:56]} Qd6 {[%emt 0:05:29]} 28. Nxf4 {[%emt 0:00:14]} Bf7 {[%emt 0:00:16]} 29. Kh1 {[%emt 0:00:23]} Re8 {[%emt 0:00:40]} 30. Ne2 {[%emt 0:01:06]} Rad8 {[%emt 0:02:24]} 31. Rf3 {[%emt 0:00:23]} Re5 {[%emt 0:01:33]} 32. Ng3 {[%emt 0:01:06]} Bg6 {[%emt 0:02:08]} 33. axb6 {[%emt 0:21:02]} axb6 {[%emt 0:01:23]} 34. Nf5 {[%emt 0:00:00]} Bxf5 {[%emt 0:02:32]} 35. Rxf5 {[%emt 0:00:00]} Rxf5 {[%emt 0:04:04]} 36. exf5 {[%emt 0:00:00]} Qd5 {[%emt 0:00:44]} 37. Re1 {[%emt 0:00:00]} h6 {[%emt 0:00:24]} 38. Re7 {[%emt 0:00:00]} Qxf5 {[%emt 0:01:04]} 39. Qxc6 {[%emt 0:00:00]} Qf1+ {[%emt 0:01:52]} 40. Kh2 {[%emt 0:00:00]} Qf4+ {[%emt 0:00:06]} 41. Kh1 {[%emt 0:00:00]} Qf1+ {[%emt 0:01:54]} 1/2-1/2

[Event "Irish New Year-GM 2022"]
[Site "Dublin"]
[Date "2022.01.04"]
[Round "4.4"]
[White "O`Gorman, Tom"]
[Black "Motwani, Paul"]
[Result "1/2-1/2"]
[WhiteElo "2350"]
[BlackElo "2432"]
[Annotator "ChessBase"]
[PlyCount "56"]
[EventDate "2022.01.02"]
[EventType "tourn"]
[EventCountry "IRL"]
[SourceTitle "playchess.com"]
[Source "ChessBase"]
[SourceQuality "1"]
[TimeControl "5400+30"]

1. e4 {[%emt 0:00:07]} e5 {[%emt 0:00:09]} 2. Nf3 {[%emt 0:00:07]} Nc6 {[%emt 0:00:13]} 3. Bb5 {[%emt 0:00:08]} a6 {[%emt 0:00:50]} 4. Ba4 {[%emt 0:00:07]} g6 {[%emt 0:02:28]} 5. O-O {[%emt 0:01:18]} Bg7 {[%emt 0:00:45]} 6. c3 {[%emt 0:00:15]} Nge7 {[%emt 0:01:45]} 7. d4 {[%emt 0:02:12]} b5 {[%emt 0:02:06]} 8. Bb3 {[%emt 0:00:59]} exd4 {[%emt 0:02:02]} 9. cxd4 {[%emt 0:00:10]} Na5 {[%emt 0:02:52]} 10. Bc2 {[%emt 0:02:24]} d6 {[%emt 0:02:38]} 11. d5 {[%emt 0:19:28]} O-O {[%emt 0:05:56]} 12. Bd2 {[%emt 0:02:45]} Nc4 {[%emt 0:19:15]} 13. Bc3 {[%emt 0:01:50]} Nxb2 {[%emt 0:00:53]} 14. Qc1 {[%emt 0:06:16]} Nc4 {[%emt 0:00:47]} 15. Bxg7 {[%emt 0:02:34]} Kxg7 {[%emt 0:00:06]} 16. a4 {[%emt 0:01:48]} Bg4 {[%emt 0:04:56]} 17. Nfd2 {[%emt 0:13:15]} Nxd2 {[%emt 0:07:54]} 18. Nxd2 {[%emt 0:00:35]} c6 {[%emt 0:03:53]} 19. Bd3 {[%emt 0:06:16]} cxd5 {[%emt 0:03:01]} 20. axb5 {[%emt 0:01:27]} axb5 {[%emt 0:00:49]} 21. Bxb5 {[%emt 0:01:56]} Qb6 {[%emt 0:01:13]} 22. Qc3+ {[%emt 0:07:52]} d4 {[%emt 0:05:10]} 23. Qd3 {[%emt 0:00:24]} Rxa1 {[%emt 0:03:55]} 24. Rxa1 {[%emt 0:00:09]} Rc8 {[%emt 0:01:10]} 25. Nb3 {[%emt 0:03:01]} d5 {[%emt 0:02:13]} 26. Nxd4 {[%emt 0:01:52]} Qf6 {[%emt 0:05:47]} 27. Re1 {[%emt 0:02:56]} dxe4 {[%emt 0:00:45]} 28. Qxe4 {[%emt 0:00:21]} Bf5 {[%emt 0:01:16]} 1/2-1/2

[Event "Irish New Year-GM 2022"]
[Site "Dublin"]
[Date "2022.01.04"]
[Round "4.5"]
[White "Stefansson, Vignir Vatnar"]
[Black "Kanyamarala, Tarun"]
[Result "1-0"]
[WhiteElo "2457"]
[BlackElo "2377"]
[Annotator "ChessBase"]
[PlyCount "107"]
[EventDate "2022.01.02"]
[EventType "tourn"]
[EventCountry "IRL"]
[SourceTitle "playchess.com"]
[Source "ChessBase"]
[SourceQuality "1"]
[TimeControl "5400+30"]

1. d4 {[%emt 0:00:33]} Nf6 {[%emt 0:00:10]} 2. c4 {[%emt 0:00:27]} e6 {[%emt 0:00:08]} 3. g3 {[%emt 0:00:51]} d5 {[%emt 0:00:12]} 4. Bg2 {[%emt 0:00:08]} dxc4 {[%emt 0:00:09]} 5. Nf3 {[%emt 0:00:08]} Nc6 {[%emt 0:00:10]} 6. Qa4 {[%emt 0:00:17]} Bb4+ {[%emt 0:00:12]} 7. Bd2 {[%emt 0:00:29]} Nd5 {[%emt 0:00:10]} 8. Qb5 {[%emt 0:00:07]} Bxd2+ {[%emt 0:00:15]} 9. Nbxd2 {[%emt 0:00:05]} c3 {[%emt 0:00:07]} 10. bxc3 {[%emt 0:00:03]} Nxc3 {[%emt 0:00:06]} 11. Qd3 {[%emt 0:00:05]} Nd5 {[%emt 0:00:05]} 12. O-O {[%emt 0:01:18]} O-O {[%emt 0:00:19]} 13. Rfc1 {[%emt 0:01:13]} h6 {[%emt 0:00:27]} 14. Rab1 {[%emt 0:01:30]} Qe7 {[%emt 0:01:07]} 15. a3 {[%emt 0:01:37]} Rd8 {[%emt 0:00:11]} 16. Nc4 {[%emt 0:08:23]} b6 {[%emt 0:16:59]} 17. Nce5 {[%emt 0:20:04]} Na5 {[%emt 0:08:11]} 18. Qc2 {[%emt 0:05:38]} Bb7 {[%emt 0:25:31]} 19. Qa4 {[%emt 0:00:26]} Rac8 {[%emt 0:03:53]} 20. Nd3 {[%emt 0:00:06]} Qe8 {[%emt 0:09:41]} 21. Qxe8+ {[%emt 0:04:39]} Rxe8 {[%emt 0:32:57]} 22. Nfe5 {[%emt 0:01:14]} f6 {[%emt 0:00:00]} 23. Nf3 {[%emt 0:00:57]} Ba6 {[%emt 0:00:00]} 24. Nfe1 {[%emt 0:00:09]} Ne7 {[%emt 0:00:00]} 25. e3 {[%emt 0:01:57]} Bb7 {[%emt 0:00:00]} 26. Rb2 {[%emt 0:05:52]} Bxg2 {[%emt 0:00:00]} 27. Kxg2 {[%emt 0:00:01]} Red8 {[%emt 0:00:00]} 28. h4 {[%emt 0:00:24]} g5 {[%emt 0:00:00]} 29. h5 {[%emt 0:02:03]} Kf7 {[%emt 0:00:00]} 30. g4 {[%emt 0:00:15]} Nb7 {[%emt 0:00:00]} 31. Rbc2 {[%emt 0:00:18]} c6 {[%emt 0:00:00]} 32. Kf1 {[%emt 0:00:28]} Rd7 {[%emt 0:00:00]} 33. Ke2 {[%emt 0:01:24]} Rdc7 {[%emt 0:00:00]} 34. Nf3 {[%emt 0:00:02]} c5 {[%emt 0:00:00]} 35. dxc5 {[%emt 0:02:02]} bxc5 {[%emt 0:00:00]} 36. Nd2 {[%emt 0:00:33]} Nd5 {[%emt 0:01:21]} 37. Nc4 {[%emt 0:07:57]} Ke7 {[%emt 0:00:13]} 38. e4 {[%emt 0:00:51]} Nb6 {[%emt 0:00:35]} 39. e5 {[%emt 0:00:04]} fxe5 {[%emt 0:01:09]} 40. Ndxe5 {[%emt 0:01:19]} Nxc4 {[%emt 0:00:16]} 41. Rxc4 {[%emt 0:00:18]} Nd6 {[%emt 0:00:15]} 42. Ra4 {[%emt 0:02:49]} Nb5 {[%emt 0:00:53]} 43. Ke3 {[%emt 0:00:54]} Kf6 {[%emt 0:02:36]} 44. Nc4 {[%emt 0:00:40]} Rd7 {[%emt 0:00:37]} 45. Ra5 {[%emt 0:00:46]} Nc7 {[%emt 0:00:08]} 46. Nd2 {[%emt 0:00:52]} Nd5+ {[%emt 0:00:48]} 47. Kf3 {[%emt 0:00:06]} Rf7 {[%emt 0:01:05]} 48. Rcxc5 {[%emt 0:01:38]} Rxc5 {[%emt 0:00:59]} 49. Rxc5 {[%emt 0:00:01]} Ke5+ {[%emt 0:00:21]} 50. Ke2 {[%emt 0:00:52]} Rf4 {[%emt 0:00:31]} 51. Ra5 {[%emt 0:01:51]} Rf7 {[%emt 0:01:07]} 52. Nc4+ {[%emt 0:01:14]} Kf6 {[%emt 0:01:36]} 53. Nd6 {[%emt 0:00:18]} Rc7 {[%emt 0:00:26]} 54. Ne8+ {[%emt 0:00:05]} 1-0

[Event "Irish New Year-GM 2022"]
[Site "Dublin"]
[Date "2022.01.04"]
[Round "5.1"]
[White "Kanyamarala, Tarun"]
[Black "Arkell, Keith C"]
[Result "0-1"]
[WhiteElo "2377"]
[BlackElo "2370"]
[Annotator "TA"]
[PlyCount "126"]
[EventDate "2022.01.02"]
[EventType "tourn"]
[EventCountry "IRL"]
[SourceTitle "playchess.com"]
[Source "ChessBase"]
[SourceQuality "1"]

{[%evp 20,126,27,13,20,25,24,22,16,15,39,45,38,46,43,39,42,38,42,43,49,50,62,62,62,50,68,63,68,68,104,86,89,62,322,293,358,345,344,322,358,345,418,393,394,381,390,394,364,322,354,306,398,393,392,382,458,458,477,481,471,475,459,463,418,402,314,282,371,335,342,343,452,407,390,0,435,52,410,438,493,295,289,8,58,62,136,136,135,126,151,151,150,145,145,145,331,-1200,-933,-9066,-6131,-1945,0,0,0,-29983,-29984,-29983,-29984]} 1. d4 Nf6 2. c4 e6 3. Nc3 Bb4 4. e3 c5 5. Nge2 cxd4 6. exd4 d5 7. c5 Ne4 8. Bd2 Nxd2 9. Qxd2 b6 10. a3 Bxc3 11. Nxc3 {[%cal Be2c3,Bc3a4,Ba4b6][%mdl 32]} a5 {E42: Nimzo-Indian: Rubinstein: 4...c5 5 Ne2.} 12. Na4 bxc5 13. dxc5 O-O {The position is equal.} 14. Be2 {[#]} Bd7 $146 ({Predecessor:} 14... Nc6 15. Nb6 Rb8 16. Bb5 Ne5 17. Qxa5 Qg5 18. Qc3 Qxg2 19. O-O-O Qg5+ 20. Qe3 Qf5 21. Rhg1 f6 22. Be2 {1-0 (22) Khlusevich,S (2585)-Meshkov,Y USSR 1987}) 15. Nb6 Ra7 16. b3 ({But not} 16. Nxd7 Qxd7 17. Rc1 a4 $15) 16... Bc6 17. O-O Nd7 18. Nxd7 Qxd7 19. b4 Rfa8 20. Rab1 axb4 21. axb4 Bb5 22. Rfc1 Ra2 23. Bxb5 Qxb5 24. Qd1 h6 25. Qf1 Rb8 26. c6 $1 $36 {[%mdl 2048] aiming for Qxb5. White is pushing.} ({Of course not} 26. Qxb5 $6 Rxb5 27. Kf1 Kf8 $15) 26... Qb6 {[%mdl 8192]} (26... Qxf1+ $1 $14 27. Kxf1 Ra6) 27. b5 $18 Ra7 28. Qd3 Rc7 29. Qa3 Kh7 30. h3 g6 31. Qd6 Rcc8 32. Kf1 {[%cal Bg1f1,Bf1e2,Be2d3,Bd3c3,Bc3b4][%mdl 32]} Kg7 33. Qe5+ Kg8 34. Qc3 {To avoid Qa5} h5 35. Rb3 Ra8 36. Qc5 Rab8 37. Ke2 Rc7 38. Qxb6 Rxb6 {[%mdl 4096] Endgame KRR-KRR} 39. Kd3 Kf8 40. Kc3 {Black must now prevent Kb4.} Ke7 41. Kb4 Kd6 42. Ra3 {Strongly threatening Ra8.} Rb8 {To avoid Ra8} 43. Ra6 h4 44. Rca1 {Hoping for Ra8.} Rcc8 45. R1a3 e5 46. Rf3 Rc7 47. Rfa3 Rcc8 48. Ka5 $2 (48. Rc3 $18 {Threatens to win with c7+.} Rc7 49. Raa3) 48... d4 $2 {[%mdl 8192]} (48... Ra8 $1 $14) 49. Kb4 Kd5 50. R3a5 (50. Ra1 $142) 50... d3 51. Kc3 $2 ({White should play} 51. Ra1 $18) 51... e4 (51... Kc5 $11) 52. Ra7 $14 Kc5 (52... f6 $1 $14) 53. Re7 $1 $16 {And now Re5+ would win.} ({Much worse is} 53. Rxf7 $6 Rxb5 54. Rxb5+ Kxb5 $11) 53... f5 54. f3 $1 Kd6 55. Rd7+ Kc5 {[#]} 56. fxe4 $1 fxe4 57. Re7 Re8 $2 {[#]} (57... Kd5 $16 {might work better.} 58. c7 Rb6) 58. Rxe8 $4 {[%mdl 8192]} (58. c7 $1 $18 {[%mdl 512]} Rbc8 59. Rxe8 Rxe8 60. Ra4) 58... Rxe8 $18 {KR-KR} 59. Kd2 e3+ 60. Ke1 e2 $2 (60... Rd8 $19 {( -> ...d2+)} 61. b6+ Kxb6) 61. Ra1 $11 Kxb5 (61... Kb6 $5 62. Kd2 g5 $11) 62. Rc1 $2 {[%mdl 8192]} (62. c7 $11) 62... Rf8 63. Kd2 Rf1 {Weighted Error Value: White=0.64/Black=0.44} 0-1

[Event "Irish New Year-GM 2022"]
[Site "Dublin"]
[Date "2022.01.04"]
[Round "5.2"]
[White "Motwani, Paul"]
[Black "Stefansson, Vignir Vatnar"]
[Result "0-1"]
[WhiteElo "2432"]
[BlackElo "2457"]
[Annotator "TA"]
[PlyCount "138"]
[EventDate "2022.01.02"]
[EventType "tourn"]
[EventCountry "IRL"]
[SourceTitle "playchess.com"]
[Source "ChessBase"]
[SourceQuality "1"]

{[%evp 9,138,19,20,21,27,16,37,14,62,20,22,3,10,4,11,0,0,0,0,0,0,0,0,0,0,0,11,13,13,0,0,-6,12,14,21,12,27,12,29,29,63,27,58,23,27,25,75,64,96,100,99,93,109,106,117,33,52,0,0,15,11,9,8,5,1,0,0,0,0,0,0,0,0,0,0,0,0,0,0,0,0,0,0,0,0,0,0,0,0,0,0,0,45,38,44,0,0,0,8,8,0,8,8,8,8,0,29,0,8,0,19,0,20,13,31,0,50,-806,-800,-789,-733,-12388,-5927,-29985,-29986,-29986,-29987,-29988,-29982,-29985,-29986]} 1. d4 Nf6 2. Bg5 d5 3. Nd2 c5 4. dxc5 Na6 5. e4 Nxc5 6. exd5 {D00: 1 d4 d5: Unusual lines.} Nxd5 {[#]} 7. Nb3 $146 {Hoping for Bb5+.} (7. Qf3 {feels hotter.} f6 8. Bb5+ Kf7 9. O-O-O e6 10. Nh3) ({Predecessor:} 7. Ngf3 h6 8. Bh4 g5 9. Bg3 Bg7 10. Be5 f6 11. Bd4 Ne6 12. Nb3 O-O 13. Bc4 {0-1 (21) Grigoryan,A (2595)-Zhou,J (2655) Moscow 2011}) 7... Qd6 8. Nf3 {White is slightly better.} h6 (8... e6 $11 {is more appropriate.}) 9. Bd2 (9. Bh4 $1 $14) 9... e6 $11 10. Bb5+ Bd7 11. Qe2 {next Nxc5 is good for White.} a6 12. Bc4 Nf4 13. Bxf4 Qxf4 14. Ne5 Bd6 {And now ...Nxb3 would win.} 15. Nxd7 Nxd7 16. g3 Qe5 17. O-O-O {[%cal Ba1d1,Bd1d3,Bd3b3,Bb3b4,Bb4c4,Bc4c3][%mdl 32] Strongly threatening Qd3.} Qxe2 18. Bxe2 Bc7 19. h4 Bb6 20. f4 h5 21. Rd3 O-O-O 22. Nd2 Nf6 (22... Nc5 $5 {[%cal Rc5d3]}) 23. Rb3 Bd4 24. Bf3 b6 25. Rh2 (25. Nc4 $5 {[%cal Rc4b6]}) 25... Kc7 26. Re2 Nd7 27. Rb4 Bc5 (27... Nc5 $11) 28. Rc4 $16 b5 29. Rc3 {Threatens to win with b4.} Kb6 30. Nb3 b4 31. Rc4 Kb5 {[#]} 32. Re5 Rc8 $14 33. Be2 (33. Rg5 $5 {[%cal Rc4d4]} f6 {[#]} 34. Be2 $1 fxg5 35. Rxc5+ Kb6 36. Rxg5 $14) 33... Kb6 $36 {[%mdl 2048] White is under pressure.} 34. Ree4 ({Don't go for} 34. Rxh5 $2 Rxh5 35. Kb1 Rd5 $19) 34... a5 35. Nxc5 Rxc5 36. Rxc5 Nxc5 $11 {[%mdl 4096] Endgame KRB-KRN} 37. Re3 g6 38. a3 Rd8 39. axb4 axb4 40. Bf3 Rd4 41. c3 Rc4 42. Kd2 b3 43. Re1 Ra4 44. Ke3 Ra2 45. Rb1 Ra7 46. Rd1 Kc7 {To avoid Rd6} 47. Rd4 Ra2 48. Rd2 f6 49. Kd4 Kb6 50. Ke3 Ra5 (50... Kc7 $11) 51. Rd4 $14 Kc7 52. Bd1 (52. Rc4 $14) 52... Ra1 $11 53. Rd2 e5 54. fxe5 fxe5 55. Bf3 e4 56. Bd1 Kc6 57. Kd4 Rb1 58. Ke3 Ra1 59. Kf4 Ra8 60. Ke3 Rf8 61. Be2 Nb7 62. Kxe4 Nd6+ (62... Nc5+ $11 63. Ke3 Re8+ 64. Kf4 Rf8+ 65. Ke5 Re8+ 66. Kf4 Rf8+ 67. Ke3 Re8+ 68. Kf4) 63. Ke5 $2 {[%mdl 8192] This costs White the game.} (63. Kd4 $14) 63... Rf5+ $19 64. Ke6 Ne4 $1 {[%csl LRd2,LRg3]} 65. Bd3 Nxd2 66. Bxf5 gxf5 {Black mates.} 67. Kxf5 Nc4 68. g4 hxg4 69. Kxg4 Nxb2 {Weighted Error Value: White=0.10 (very precise) /Black=0.07 (flawless)} 0-1

[Event "Irish New Year-GM 2022"]
[Site "Dublin"]
[Date "2022.01.04"]
[Round "5.3"]
[White "Murphy, Conor E"]
[Black "O`Gorman, Tom"]
[Result "1/2-1/2"]
[WhiteElo "2431"]
[BlackElo "2350"]
[Annotator "TA"]
[PlyCount "85"]
[EventDate "2022.01.02"]
[EventType "tourn"]
[EventCountry "IRL"]
[SourceTitle "playchess.com"]
[Source "ChessBase"]
[SourceQuality "1"]

{[%evp 11,85,16,18,11,17,15,16,14,10,11,11,12,10,0,0,0,0,0,15,5,44,45,50,25,37,40,23,0,20,22,21,25,35,10,30,-15,0,0,26,4,8,2,81,89,91,16,61,-18,67,67,74,77,78,84,70,0,107,0,51,55,57,55,0,0,0,0,0,0,0,0,0,0,0,0,0,0]} 1. e4 c5 2. Nf3 d6 3. Bb5+ Bd7 4. Bxd7+ Nxd7 5. O-O Ngf6 6. Qe2 Rc8 7. c3 $1 {7.c3 is better than 7.b3. B52: Sicilian: Moscow Variation with 3...Bd7.} e6 8. d4 cxd4 9. cxd4 d5 10. e5 Ng8 11. Nc3 {[%cal Bb1c3,Bc3e2,Be2f4,Bf4h5,Bh5f6][%mdl 32]} Ne7 12. Bg5 a6 {To avoid Nb5} 13. Qd3 h6 14. Bd2 {[#]} Nb6 $146 ({Predecessor:} 14... Nc6 15. Ne2 Qb6 16. Bc3 Be7 17. Nf4 Nb4 18. Qd2 h5 19. Nh3 Nf8 20. a3 Nc6 {1-0 (36) Mchedlishvili,M (2570)-Ibrahimov,R (2527) Tornelo INT 2021}) 15. b3 Nf5 16. Ne2 Nd7 17. Nf4 Nb8 18. Nh5 Nc6 19. Kh1 Qb6 {[%cal Rc6d4]} 20. Bc3 g6 21. Nf6+ Kd8 22. g4 Ng7 23. Qe3 (23. b4 $142) 23... Rc7 24. Kg2 Kc8 25. Rab1 {[%cal Ob3b4]} (25. h3 {feels hotter.} h5 26. Qd2 Bb4 27. Rfc1 Ba3 28. Bb2) 25... Be7 {Prevents b4.} 26. Rfc1 {[%cal Ob3b4]} Bxf6 (26... h5 $11 {keeps the balance.}) 27. exf6 $16 Ne8 28. Ne5 (28. b4 $16) 28... Nd6 (28... h5 $1 $11) 29. f3 (29. Bb2 $1 $14) 29... Nxe5 ({Black should try} 29... h5 $11) 30. Qxe5 $14 Kd7 {[#] And now ...Rhc8 would win.} 31. Bd2 Rhc8 32. Bxh6 {White is much more active.} ({Don't play} 32. Rxc7+ $6 Rxc7 33. Rc1 h5 $11) 32... Rc2+ 33. Kg3 ({Better is} 33. Rxc2 $1 $14 Rxc2+ 34. Kg3) 33... Nb5 (33... Qc7 $1 $11 {remains equal.} 34. Rxc2 Qxc2) 34. Be3 {The board is on fire.} (34. Rxc2 $16 Rxc2 35. Rd1) 34... Rxc1 (34... Rxa2 $2 35. Rxc8 Kxc8 36. Rc1+ Kd7 37. Bf4 $16) (34... Qa5 $1 $11) 35. Rxc1 Rxc1 36. Bxc1 {[%cal Be3c1,Bc1b2,Bb2e5][%mdl 32] aiming for Be3.} Qxd4 37. Qxd4 {The position is equal.} Nxd4 $11 {[%mdl 4096] Endgame KB-KN} 38. Bb2 Ne2+ 39. Kf2 Nf4 {[#] White must now prevent ...Nd3+.} 40. Ke3 {Prevents Nd3.} g5 {Strongly threatening ...Ng6.} 41. Be5 $1 Ng6 42. Kd4 Nh4 (42... Nxe5 43. Kxe5 Ke8 44. f4 gxf4 45. Kxf4 $18) 43. Ke3 {Weighted Error Value: White=0.19 (very precise) /Black=0.20 (precise)} 1/2-1/2

[Event "Irish New Year-GM 2022"]
[Site "Dublin"]
[Date "2022.01.04"]
[Round "5.4"]
[White "Gonzalez Garcia, Jose"]
[Black "Collins, Sam E."]
[Result "1-0"]
[WhiteElo "2483"]
[BlackElo "2456"]
[Annotator "TA"]
[PlyCount "101"]
[EventDate "2022.01.02"]
[EventType "tourn"]
[EventCountry "IRL"]
[SourceTitle "playchess.com"]
[Source "ChessBase"]
[SourceQuality "1"]

{[%evp 15,101,-10,19,14,69,50,71,58,72,65,62,69,63,65,63,63,55,48,59,59,48,19,13,0,40,0,0,-20,16,12,74,37,121,113,291,327,327,322,317,319,468,500,500,498,491,487,462,454,427,122,118,129,106,104,123,87,402,395,391,359,450,430,726,721,733,733,731,729,720,606,5224,4697,4372,3736,5089,3869,3890,3675,5548,5177,2691,2226,6041,5548,29972,29970,29969,4627]} 1. Nf3 Nf6 2. c4 g6 3. g3 Bg7 4. Bg2 O-O 5. O-O c5 6. Nc3 Nc6 7. d4 d6 8. e3 Bd7 9. b3 {E65: King's Indian: Fianchetto: 6...c5 7 0-0 without d5 by White.} Qc8 (9... cxd4 $11 10. Nxd4 a6) 10. Bb2 $14 Bh3 11. d5 {White is better.} Nb8 12. Qe2 a6 13. e4 Bxg2 14. Kxg2 Nbd7 {[#]} 15. Rad1 $146 ({Predecessor:} 15. e5 Ng4 16. exd6 exd6 17. Ne4 Qc7 18. Bxg7 Kxg7 19. h3 Nge5 20. Nxe5 Nxe5 21. f4 {1-0 (27) Siddharth,J (2320)-Orantes Taboada,F (2244) Chess.com INT 2020}) 15... b5 16. Nd2 Qb7 17. f4 e6 18. Qf3 (18. cxb5 exd5 19. bxa6 Qxa6 20. Qxa6 Rxa6 21. exd5 Ng4 $15) 18... exd5 19. cxd5 {[%cal Bc4d5,Bd5d6,Bd6c7][%mdl 32]} Rfe8 20. e5 (20. Rde1 $14) 20... dxe5 $11 {[%cal Oe5e4]} 21. Nde4 Nxe4 (21... Qb8 $5 {[%cal Re5f4]}) 22. Nxe4 Qb6 (22... f5 $11 23. Nd6 e4) 23. f5 $1 $16 {White is much more active.} (23. fxe5 Nxe5 24. Bxe5 Rxe5 $11) 23... gxf5 {[#]} (23... Rec8 $1 $14) 24. d6 $1 fxe4 $2 (24... f6 $16 25. Qxf5 Qb7) (24... c4 25. Qxf5) 25. Qxf7+ $18 Kh8 26. Qxd7 Rad8 27. Qc7 Qxc7 (27... Qb8 $142 28. Qxb8 (28. Qxc5 Qa8 $16) 28... Rxb8) 28. dxc7 Rd3 {[#]} 29. Rxd3 $1 exd3 {[%mdl 4096] Endgame [#] KRB-KRB} 30. Rf7 $1 Kg8 31. Rd7 {And now Rd8 would win.} Bf6 {Inhibits Rd8.} 32. Bxe5 $2 Bxe5 $16 33. Rd8 Bxc7 34. Rxe8+ {KR-KB} Kf7 35. Re3 d2 {[%mdl 8192]} (35... c4 $16 36. Kf3 Ba5) 36. Rf3+ $18 ({Weaker is} 36. Rd3 Ba5 37. Kf1 c4 38. bxc4 bxc4 39. Rf3+ Ke6 $18) 36... Ke6 37. Rf1 Ke5 ({Not} 37... c4 38. bxc4 bxc4 39. Kf3 $18) 38. Kf3 c4 (38... Kd4 $142 39. Ke2 Kc3) 39. bxc4 bxc4 40. Ke2 c3 41. Kd3 Ba5 42. g4 h6 43. Rf5+ Ke6 44. Kc2 Bc7 45. h4 {[%cal Bh2h4,Bh4g5,Bg5g6][%mdl 32]} Be5 46. Rh5 Bf4 47. Ra5 Kd6 48. a4 {Threatens to win with g5.} Ke6 49. g5 hxg5 50. hxg5 Be3 51. g6 {Weighted Error Value: White=0.17 (very precise) /Black=0.71} 1-0